| Tag |
First Indicator |
Second Indicator |
Subfields |
| LEADER |
00000pam a2200000 a 4500 |
| 001 |
in00000082884 |
| 005 |
20151008054247.0 |
| 008 |
810721s1981 nmu b s00110 eng |
| 010 |
|
|
|a 81052056
|
| 020 |
|
|
|a 0826305946 :
|c $19.95
|
| 020 |
|
|
|a 0826305954 (pbk.) :
|c $9.95
|
| 035 |
|
|
|a (OCoLC)07671568
|
| 035 |
|
|
|9 AAJ0125AM
|
| 039 |
0 |
|
|a 2
|b 3
|c 3
|d 3
|e 3
|
| 040 |
|
|
|a DLC
|c DLC
|d TXA
|d UtOrBLW
|
| 043 |
|
|
|a n-us---
|
| 049 |
|
|
|a TXAM
|c [985588]
|
| 050 |
0 |
0 |
|a KF4758
|b .K36
|
| 082 |
0 |
|
|a 342.73/0878
|a 347.302878
|2 19
|
| 100 |
1 |
|
|a Kanowitz, Leo.
|
| 245 |
1 |
0 |
|a Equal rights, the male stake /
|c Leo Kanowitz.
|
| 250 |
|
|
|a 1st ed.
|
| 264 |
|
1 |
|a Albuquerque :
|b University of New Mexico Press,
|c [1981]
|
| 264 |
|
4 |
|c ©1981
|
| 300 |
|
|
|a viii, 197 pages ;
|c 24 cm.
|
| 336 |
|
|
|a text
|b txt
|2 rdacontent
|
| 337 |
|
|
|a unmediated
|b n
|2 rdamedia
|
| 338 |
|
|
|a volume
|b nc
|2 rdacarrier
|
| 504 |
|
|
|a Includes bibliographical references and index.
|
| 650 |
|
0 |
|a Sex discrimination
|x Law and legislation
|z United States.
|
| 999 |
|
|
|a MARS
|
| 999 |
f |
f |
|s 971ecc0e-1896-3259-9b0c-c8a5f36e87c2
|i 340aab35-9f47-3bbc-bd02-d9972a11fe4c
|t 0
|
| 952 |
f |
f |
|p ric
|a Texas A&M University
|b Rellis Campus
|c Joint Library Facility
|d Remote Storage
|t 0
|e KF4758 .K36
|h Library of Congress classification
|i unmediated -- volume
|m A14806156416
|
| 998 |
f |
f |
|a KF4758 .K36
|t 0
|l Remote Storage
|